| 000 | 00764cab a2200265 4500 | ||
|---|---|---|---|
| 001 | ABS54268 | ||
| 008 | 090401t1996 xxu||||| |||| 00| 0 eng d | ||
| 035 | _a(Sirsi) u9413 | ||
| 041 | _aeng | ||
| 245 | _aDoors and windows | ||
| 260 | _c1996 | ||
| 300 | _aloan | ||
| 350 | _a0 | ||
| 490 |
_aBuilding _vDoors and Windows Supplement 12 January 1996, (28) |
||
| 520 | _aSolar control glazing systems, automatic doors, domestic door security, double-glazing old leaded light windows; product reviews. | ||
| 650 | _aAUTOMATIC DOORS | ||
| 650 | _aDOUBLE-GLAZING | ||
| 650 | _aGLAZING | ||
| 650 | _aLEADED LIGHTS | ||
| 650 | _aSECURITY | ||
| 650 | _aSOLAR CONTROL | ||
| 690 | _aBUILT ENVIRONMENT-BUILDING MATERIALS | ||
| 942 | _n0 | ||
| 948 | _c04/03/1997 | ||
| 999 |
_c5874 _d5874 |
||